|
|
|
|
| LEADER |
00721nam a2200193 u 4500 |
| 001 |
10060669 |
| 003 |
upatras |
| 005 |
20220125083210.0 |
| 008 |
070413s1975 gr 1 gre |
| 952 |
|
|
|0 0
|1 0
|2 ddc
|4 0
|6 889_330000000000000_ΣΙΔ
|7 0
|9 207512
|a LISP
|b LISP
|c BSC
|d 2016-11-21
|i 088041
|l 0
|o 889.33 ΣΙΔ
|p 025000151586
|r 2016-11-21 00:00:00
|t 1
|w 2016-11-21
|y BK15
|
| 999 |
|
|
|c 126181
|d 126181
|
| 040 |
|
|
|a GR-PaULI
|c GR-PaULI
|b gre
|
| 082 |
0 |
4 |
|a 889.33
|
| 100 |
|
|
|a Σιδέρης, Γιώργης
|9 158284
|e συγγραφέας
|
| 245 |
1 |
2 |
|a Η Γιωργαλού /
|c Σιδέρης Γιώργης
|
| 260 |
|
|
|a Αθήνα :
|b Κέδρος,
|c 1975
|
| 300 |
|
|
|a 58 σ. :
|c 16 εκ.
|
| 942 |
|
|
|2 ddc
|c BK15
|
| 998 |
|
|
|c ΜΠΟΥΡΑΣ
|d 2016-11
|